Physical methods in macromolecular chemistry / (Record no. 136587)
[ view plain ]
| 000 -LEADER | |
|---|---|
| fixed length control field | 00575nam a22002057a 4500 |
| 010 ## - LIBRARY OF CONGRESS CONTROL NUMBER | |
| LC control number | A-213050 |
| 020 ## - INTERNATIONAL STANDARD BOOK NUMBER | |
| International Standard Book Number | 0824710851 |
| 035 ## - SYSTEM CONTROL NUMBER | |
| System control number | A-213050 |
| 037 ## - SOURCE OF ACQUISITION | |
| Source of stock number/acquisition | Cen Lib / Ret |
| 040 ## - CATALOGING SOURCE | |
| Original cataloging agency | DPL |
| Language of cataloging | EN |
| 082 ## - DEWEY DECIMAL CLASSIFICATION NUMBER | |
| Classification number | 547.8 |
| Item number | CAR |
| 245 ## - TITLE STATEMENT | |
| Title | Physical methods in macromolecular chemistry / |
| Statement of responsibility, etc | edited by Benjamin Carroll |
| 260 ## - PUBLICATION, DISTRIBUTION, ETC. (IMPRINT) | |
| Place of publication, distribution, etc | New York |
| Name of publisher, distributor, etc | Marcel Dekker, Inc |
| Date of publication, distribution, etc | 1972 |
| 270 ## - ADDRESS | |
| Address | 95 Madison Avenue |
| City | New York |
| 300 ## - PHYSICAL DESCRIPTION | |
| Extent | (v 2. viii, 369) |
| Other physical details | 24cm |
| 650 ## - SUBJECT ADDED ENTRY--TOPICAL TERM | |
| Topical term or geographic name as entry element | Macromolecules. |
| 650 ## - SUBJECT ADDED ENTRY--TOPICAL TERM | |
| Topical term or geographic name as entry element | Macromolecules. |
| 700 ## - ADDED ENTRY--PERSONAL NAME | |
| Personal name | Carroll, Benjamin |
| 942 ## - ADDED ENTRY ELEMENTS (KOHA) | |
| Source of classification or shelving scheme | Dewey Decimal Classification |
| Koha item type | English Books |
| Call number prefix | 547.8 |
| Call number suffix | CAR |
| Withdrawn status | Lost status | Source of classification or shelving scheme | Materials specified (bound volume or other part) | Damaged status | Not for loan | Home library | Current library | Date acquired | Source of acquisition | Total Checkouts | Full call number | Barcode | Date last seen | Price effective from | Koha item type |
|---|---|---|---|---|---|---|---|---|---|---|---|---|---|---|---|
| Dewey Decimal Classification | v 2 | Central Library | Central Library | 05/03/2016 | Cen Lib/Ret | 547.8 CAR | A-213050 | 05/03/2016 | 05/03/2016 | English Books |
